the best of Ally - Statistics

General Stats
  • This quiz has been taken 14 times
  • The average score is 8 of 15
Answer Stats
Hint Answer % Correct
ally birthday 28 december
86%
ally nicotine vape
86%
ally BESTIE ;) aela
71%
ally relationship single
71%
ally food sushi
71%
ally nationality british
57%
ally cider grevens
57%
ally papa tom
57%
ally game clash royale
43%
ally ethnicity english and russian
43%
ally study history
43%
ally cat luno
43%
ally job none
43%
ally mama yulia
43%
ally sis selma
29%
No matching quizzes found
Score Distribution
Percent of People with Each Score
Percentile by Number Answered
Your Score History
You have not taken this quiz